Law of India on religion religious affairs/ (Record no. 10510)

MARC details
000 -LEADER
fixed length control field 00794 a2200205 4500
010 ## - LIBRARY OF CONGRESS CONTROL NUMBER
LC control number ENG-89360
020 ## - INTERNATIONAL STANDARD BOOK NUMBER
International Standard Book Number 9788175346598
Terms of availability 425.00
035 ## - SYSTEM CONTROL NUMBER
System control number EN-72893
037 ## - SOURCE OF ACQUISITION
Source of stock number/acquisition DBAD / PUB
082 14 - DEWEY DECIMAL CLASSIFICATION NUMBER
Classification number 344.54096
090 ## - LOCALLY ASSIGNED LC-TYPE CALL NUMBER (OCLC); LOCAL CALL NUMBER (OCLC)
-- 10809
-- 10809
100 1# - MAIN ENTRY--PERSONAL NAME
Personal name Tahir Mahmood
245 1# - TITLE STATEMENT
Title Law of India on religion religious affairs/
Remainder of title by Tahir Mahmood ; foreworded by V. R. Krishna Iyer
260 ## - PUBLICATION, DISTRIBUTION, ETC. (IMPRINT)
Place of publication, distribution, etc Delhi
Name of publisher, distributor, etc Universal Law Publishing
Date of publication, distribution, etc 2008
270 ## - ADDRESS
Address C-ff-1A,Dilkhush Industrial Estate,(opp,Hans Cinema,Azadpur)G. T. Karnal Road
City Delhi
Postal code 110033
Fax number 011-27458529
Electronic mail address www.unilawbooks.com
300 ## - PHYSICAL DESCRIPTION
Extent xxxi,324 p.
Dimensions 24 cm ( Hb.)
500 ## - GENERAL NOTE
General note Includes index
942 ## - ADDED ENTRY ELEMENTS (KOHA)
Institution code [OBSOLETE] dpl
Koha item type English Books
Call number prefix 344.54096 / TAH
Holdings
Withdrawn status Lost status Source of classification or shelving scheme Damaged status Not for loan Collection code Home library Current library Source of acquisition Cost, normal purchase price Total Checkouts Full call number Barcode Date last seen Copy number Uniform Resource Identifier Cost, replacement price Price effective from Koha item type
    Dewey Decimal Classification   Not For Loan Non-fiction D.B.Act.Division D.B.Act.Division DBAD/PUB 425.00   344.54096 TAH EN-72893 15/09/2008 1 11574 425.00 15/09/2008 English Books

© Delhi Public Library
Hit Counter
free hit counter